书目信息 |
| 题名: |
Windows XP 必杀技800招
|
|
| 作者: | ;智联教育 主编 | |
| 分册: | ||
| 出版信息: | 北京 电子工业出版社 2005.10 |
|
| 页数: | 366页 | |
| 开本: | 20cm | |
| 丛书名: | ||
| 单 册: | ||
| 中图分类: | TP316.7 | |
| 科图分类: | ||
| 主题词: | 软件 | |
| 电子资源: | ||
| ISBN: | 7-121-01635-4 | |
| 000 | 00561nam0 2200193 450 | |
| 001 | 0738820861 | |
| 005 | 20071217105000.03 | |
| 010 | @a7-121-01635-4@dCNY32.00 | |
| 100 | @a20071217d2005 km y0chiy0120 ea | |
| 101 | 0 | @achi |
| 102 | @aCN@b110000 | |
| 200 | 1 | @aWindows XP 必杀技800招@AWindows XP bi sha ji 800 zhao@f智联教育主编@Fzhi lian jiao yu zhu bian |
| 210 | @a北京@c电子工业出版社@d2005.10 | |
| 215 | @a366页@d20cm | |
| 606 | 0 | @a软件 |
| 690 | @aTP316.7@v4 | |
| 711 | 02 | @a智联教育@Azhi lian jiao yu@4主编 |
| 801 | 0 | @aCN@c20071217 |
| 905 | @dTP316.7@eZ4913 | |
| Windows XP 必杀技800招/智联教育主编.-北京:电子工业出版社,2005.10 |
| 366页;20cm |
| ISBN 7-121-01635-4:CNY32.00 |
| ● |
| 相关链接 |
|
|
|
正题名:Windows XP 必杀技800招
索取号:TP316.7/Z4913
 
预约/预借
| 序号 | 登录号 | 条形码 | 馆藏地/架位号 | 状态 | 备注 |
| 1 | 450894 | 204508942 | 自科库301/301自科库 88排2列3层/ [索取号:TP316.7/Z4913] | 在馆 |